The Brahmana of Twenty-Five Chapters / (Record no. 1558905)

MARC details
000 -LEADER
fixed length control field 00993 a2200325 4500
005 - DATE AND TIME OF LATEST TRANSACTION
control field 20240719124528.0
008 - FIXED-LENGTH DATA ELEMENTS--GENERAL INFORMATION
fixed length control field 240612s2022 ii ||||g |||| 001 0 eng
020 ## - INTERNATIONAL STANDARD BOOK NUMBER
International Standard Book Number 9788195555550
Price Rs.3000.00
Book form hbk.
040 ## - CATALOGING SOURCE
Original cataloging agency NLI
Language of cataloging eng
Transcribing agency English Processing Division
041 0# - LANGUAGE CODE
Language code of text/sound track or separate title eng
044 ## - COUNTRY OF PUBLISHING/PRODUCING ENTITY CODE
MARC country code ii
082 04 - DEWEY DECIMAL CLASSIFICATION NUMBER
Edition number 23rd ed.
Classification number 294.5921
Book number P 191 jh
100 1# - MAIN ENTRY--PERSONAL NAME
Linkage 880-01
245 ## - TITLE STATEMENT
Title The Brahmana of Twenty-Five Chapters /
Linkage 880-02
Statement of responsibility, etc. translated by W.Caland , edited by D.K. Jha
260 ## - PUBLICATION, DISTRIBUTION, ETC.
Place of publication, distribution, etc. Varanasi :
Name of publisher, distributor, etc. Prachya Vidya Bhawan ,
Date of publication, distribution, etc. 2022
300 ## - PHYSICAL DESCRIPTION
Extent xxxvi , 660p. ;
Dimensions 22 cm
504 ## - BIBLIOGRAPHY, ETC. NOTE
Bibliography, etc. note Includes Indexes.
600 10 - SUBJECT ADDED ENTRY--PERSONAL NAME
Personal name Brahmanas, Tandyabrahmana
General subdivision Commentaries
650 #0 - SUBJECT ADDED ENTRY--TOPICAL TERM
Topical term or geographic name entry element Vedas
General subdivision Samaveda
700 1# - ADDED ENTRY--PERSONAL NAME
Personal name Caland, W.
Relator term trl.
700 1# - ADDED ENTRY--PERSONAL NAME
Personal name Jha , D.K.
Relator term edt.
852 ## - LOCATION
Location BB
Shelving location Main Stack Division
887 ## - NON-MARC INFORMATION FIELD
Data Entry Operator Name / Verifier Name Bahailu (Int)
887 ## - NON-MARC INFORMATION FIELD
Data Entry Operator Name / Verifier Name Pallab Paul
942 ## - ADDED ENTRY ELEMENTS (KOHA)
Source of classification or shelving scheme Dewey Decimal Classification
Koha item type Books
600 10 - SUBJECT ADDED ENTRY--PERSONAL NAME
9 (RLIN) 1546694
650 #0 - SUBJECT ADDED ENTRY--TOPICAL TERM
9 (RLIN) 1546695
700 1# - ADDED ENTRY--PERSONAL NAME
9 (RLIN) 1535098
700 1# - ADDED ENTRY--PERSONAL NAME
Linkage 880-03
700 1# - ADDED ENTRY--PERSONAL NAME
9 (RLIN) 1535098
Linkage 880-03
700 1# - ADDED ENTRY--PERSONAL NAME
Linkage 880-03
880 1# - ALTERNATE GRAPHIC REPRESENTATION
Linkage 100-01
Holdings
Withdrawn status Lost status Source of classification or shelving scheme Materials specified (bound volume or other part) Damaged status Not for loan Collection code Home library Current library Shelving location Date acquired Source of acquisition Cost, normal purchase price Full call number Barcode Date last seen Cost, replacement price Price effective from Koha item type
    Dewey Decimal Classification PBK     New English National Library of India National Library of India New English - Main Stack Division 01/11/2022 DB Act 3000.00 E 294.5921 P 191 jh DBA000189412ENG 21/10/2022 3000.00 21/10/2022 Books
                                                                           
web counter

Copyright ©2020 The National Library of India, Govt. of India ↔ Hosted by NVLI, MOC ↔ Technology and Design by National Library of India, Ministry of Culture, Govt. of India